000
00295nam a2200109Ia 4500
008
220204s9999 xx 000 0 und d
082
_a
007
_b
HAR
245
0
_a
Magnus and muses: 'off the record' musings of mc
260
_a
New Delhi
_b
Academic
_c
1980
700
_a
HARINDRA SRIVASTAVA
942
_c
BK
999
_c
34877
_d
34877